Normal view
MARC view
Entry Personal Name
001 - CONTROL NUMBER
- control field: 27610
003 - CONTROL NUMBER IDENTIFIER
- control field: ARRUPE
005 - DATE AND TIME OF LATEST TRANSACTION
- control field: 20161128121848.0
008 - FIXED-LENGTH DATA ELEMENTS
- fixed length control field: 161128|| aca||aabn | a|a d
040 ## - CATALOGING SOURCE
- Original cataloging agency: ARRUPE
- Transcribing agency: ARRUPE
100 ## - HEADING--PERSONAL NAME
- Personal name: Tate, George,
- Dates associated with a name: 1914-
670 ## - SOURCE DATA FOUND
- Source citation: Work cat.: (ARRUPE)0: Morton, A. L. (Arthur Leslie), 1903- 27609, The British labour movement, 1770-1920 :, 1956